Fluid mechanics / (Record no. 18540)
[ view plain ]
| 000 -LEADER | |
|---|---|
| fixed length control field | 01108pam a2200313 a 4500 |
| 001 - CONTROL NUMBER | |
| control field | 015965222 |
| 003 - CONTROL NUMBER IDENTIFIER | |
| control field | OSt |
| 005 - DATE AND TIME OF LATEST TRANSACTION | |
| control field | 20141103134017.0 |
| 008 - FIXED-LENGTH DATA ELEMENTS--GENERAL INFORMATION | |
| fixed length control field | 111025t2012 xxua frb 001 0 eng d |
| 020 ## - INTERNATIONAL STANDARD BOOK NUMBER | |
| International Standard Book Number | 9781118026410 (pbk.) |
| 020 ## - INTERNATIONAL STANDARD BOOK NUMBER | |
| International Standard Book Number | 1118026411 (pbk.) |
| 040 ## - CATALOGING SOURCE | |
| Original cataloging agency | StDuBDS |
| Language of cataloging | eng |
| Transcribing agency | StDuBDS |
| Modifying agency | Uk |
| -- | EG-ScBUE |
| 082 00 - DEWEY DECIMAL CLASSIFICATION NUMBER | |
| Classification number | 620.106 |
| Edition number | 22 |
| Item number | FOX |
| 100 1# - MAIN ENTRY--PERSONAL NAME | |
| Personal name | Fox, Robert W., |
| Dates associated with a name | 1934- |
| 9 (RLIN) | 36423 |
| 245 10 - TITLE STATEMENT | |
| Title | Fluid mechanics / |
| Statement of responsibility, etc | Robert W. Fox, Alan T. McDonald, Philip J. Pritchard with special contributions from John C. Leylegian. |
| 250 ## - EDITION STATEMENT | |
| Edition statement | 8th ed., |
| Remainder of edition statement | SI version. |
| 260 ## - PUBLICATION, DISTRIBUTION, ETC. (IMPRINT) | |
| Place of publication, distribution, etc | Hoboken, United States : |
| Name of publisher, distributor, etc | John Wiley & Sons, |
| Date of publication, distribution, etc | c.2012. |
| 300 ## - PHYSICAL DESCRIPTION | |
| Extent | xviii, 873 p. : |
| Other physical details | ill. ; |
| Dimensions | 28 cm. |
| 500 ## - GENERAL NOTE | |
| General note | Includes appendixes. |
| 500 ## - GENERAL NOTE | |
| General note | Index : p. 865-873. |
| 504 ## - BIBLIOGRAPHY, ETC. NOTE | |
| Bibliography, etc | Includes bibliographical references. |
| 650 #0 - SUBJECT ADDED ENTRY--TOPICAL TERM | |
| Topical term or geographic name as entry element | Fluid mechanics |
| Form subdivision | Textbooks. |
| 9 (RLIN) | 36424 |
| 653 ## - INDEX TERM--UNCONTROLLED | |
| Resource For college | Engineering, Chemical |
| -- | Engineering, Mechanical |
| Arrived date list | November2014 |
| 655 ## - INDEX TERM--GENRE/FORM | |
| Form subdivision | |
| -- | 34232 |
| 700 1# - ADDED ENTRY--PERSONAL NAME | |
| Personal name | McDonald, Alan T. |
| 9 (RLIN) | 36425 |
| 700 1# - ADDED ENTRY--PERSONAL NAME | |
| Personal name | Pritchard, Philip J. |
| 9 (RLIN) | 36426 |
| 700 1# - ADDED ENTRY--PERSONAL NAME | |
| Personal name | Leylegian, John Carl. |
| Relator term | contributor. |
| 9 (RLIN) | 36427 |
| 942 ## - ADDED ENTRY ELEMENTS (KOHA) | |
| Source of classification or shelving scheme | Dewey Decimal Classification |
| Call number prefix | 620.106 FOX |
| Withdrawn status | Item status | Source of classification or shelving scheme | Damaged status | Not for loan | Vendor | Home library | Current library | Shelving location | Date acquired | Source of acquisition | Cost, normal purchase price | Total Checkouts | Total Renewals | Full call number | Barcode | Date last seen | Date last borrowed | Cost, replacement price | Koha item type |
|---|---|---|---|---|---|---|---|---|---|---|---|---|---|---|---|---|---|---|---|
| Dewey Decimal Classification | Baccah | Central Library | Central Library | First floor | 03/11/2014 | 750.00 | 1 | 5 | 620.106 FOX | 000036931 | 15/07/2025 | 02/01/2016 | 937.50 | Book - Borrowing | |||||
| Dewey Decimal Classification | Baccah | Central Library | Central Library | First floor | 03/11/2014 | 750.00 | 1 | 5 | 620.106 FOX | 000036930 | 15/07/2025 | 25/08/2015 | 937.50 | Book - Borrowing | |||||
| Dewey Decimal Classification | Baccah | Central Library | Central Library | First floor | 03/11/2014 | 750.00 | 2 | 7 | 620.106 FOX | 000036932 | 15/07/2025 | 08/08/2016 | 937.50 | Book - Borrowing |